Nová úprava životného minima od 1. júla 2004
Vymedzenie pojmu životné minimum podľa zákona č. 601/2003 Z.z. o životnom minime a o zmene a doplnení niektorých zákonov v znení zákona č. 372/2004 Z.z. Sumy životného minima. Započítavanie príjmov. Dávky, výška ktorých je podmienená životným minimom. Praktické príklady.
Salvato in:
| Autore principale: | |
|---|---|
| Natura: | Capitolo di libro |
| Lingua: | slovacco |
| Soggetti: | |
| Tags: |
Nessun Tag, puoi essere il primo ad aggiungerne!!
|
MARC
| LEADER | 00000naa$a2200000$$$4500 | ||
|---|---|---|---|
| 001 | 0019000 | ||
| 005 | 20231109113011.6 | ||
| 041 | 0 | |a slo | |
| 044 | |a SK | ||
| 245 | 1 | 0 | |a Nová úprava životného minima od 1. júla 2004 |c Zuzana Macková |
| 520 | |a Vymedzenie pojmu životné minimum podľa zákona č. 601/2003 Z.z. o životnom minime a o zmene a doplnení niektorých zákonov v znení zákona č. 372/2004 Z.z. Sumy životného minima. Započítavanie príjmov. Dávky, výška ktorých je podmienená životným minimom. Praktické príklady. | ||
| 610 | 2 | 0 | |a minimum existenčné |
| 610 | 2 | 0 | |a núdza hmotná |
| 610 | 2 | 0 | |a núdza sociálna |
| 610 | 2 | 0 | |a úpravy právne |
| 610 | 2 | 0 | |a pomoc sociálna |
| 610 | 2 | 0 | |a osoby fyzické |
| 610 | 2 | 0 | |a Slovensko |
| 100 | 1 | |a Macková, Zuzana | |